00470cam a22001572 4500001001100000005001700011008004100028020001400069040001500083050001800098110006600116245005900182260002700241300001600268650002800284000000246720151217155816.0070411s xx 000 0 eng d cKES 1,000 aKABUcKABU 0aHF5635b.S7742 aStrathmore University.bDistance Learning Centre.@000015076910aFinancial accounting II :bsubject no. 8 revision kit. aNairobi :bSUP,c2006. avii, 189 p. 0aAccounting.@0000148321